000 00591nam a2200169 i 4500
001 46532
003 ES-MaACL
005 20230906161412.0
007 t|
008 030331s1944 sp ||||1| spa d
111 2 _aCongreso Nacional de Cardiología (
_n1º.
_d1944.
_cMadrid)
_9524
245 1 0 _a1er Congreso Nacional de Cardiología
_b: Madrid 1944.
260 _aMadrid :
_bLibrería Editorial Científico Médica Española,
_c1944 (
_fGráficas Rey)
300 _a3 t. en 2 v. ;
_c24 cm.
740 0 _aPrimer Congreso Nacional de Cardiología.
852 _aES-MaACL
_jB-10183-84
_bR.21567
999 _c46532
_d46532